Laboratórium odboru Chémia a technológia sacharidov ; Andrej Smelík, Alexander Dandár, Eva Mórová, Ladislav Dodok, Peter Zajac, Gabriela Halašová

Saved in:
Bibliographic Details
Main Authors: Smelík, Andrej (Author), Dandár, Alexander, 1937-2011 (Author), Mórová, Eva (Author), Dodok, Ladislav, 1935- (Author), Zajac, Peter, 1946- (Author), Halašová, Gabriela (Author)
Format: Book
Language:Slovak
Published: Bratislava Slovenská vysoká škola technická 1987
Edition:1. vyd.
Subjects:
Online Access:View in OPAC
Tags: Add Tag
No Tags, Be the first to tag this record!

MARC

LEADER 00000nam a2200000 a 4500
005 20260127134215.0
008 180814s1987 xo 0 slo
015 |a SNBA1987/07 
020 |c 16,50 Kčs. (100 výtl.) 
035 |a vtls001084655 
035 |a SNK000027494 
039 9 |a 202007101522  |b AUTHORITY  |c 201808141629  |d VLOAD  |c 201808141629  |d VLOAD  |c 201709261108  |d AUTHORITY  |y 200412240708  |z VLOAD 
040 |a SNK  |b slo  |c SNK  |d STUSCHK1  |e AACR2 
041 0 |a slo 
044 |a xo  |c SK 
080 |a 664.1:547.45(075.8)  |2 1981 
080 |a 547.45(075.8)  |2 1981 
245 1 |a Laboratórium odboru  |b Chémia a technológia sacharidov ; Andrej Smelík, Alexander Dandár, Eva Mórová, Ladislav Dodok, Peter Zajac, Gabriela Halašová 
250 |a 1. vyd. 
260 |a Bratislava  |b Slovenská vysoká škola technická  |c 1987  |e Bratislava  |f Edičné stredisko SVŠT 
300 |a 335 s., 21,348 AH  |b Tb. Sch. Fot. Grafy.  |c 29 cm 
500 |a Lit. 116. Schválil rektor SVŠT v Bratislave ako skriptá. Rozmn. 116 zázn. v slov., češ., ruš., nem. a angl. 
650 0 7 |a [BK]  |2 SNK 
700 1 |a Smelík, Andrej  |4 aut 
700 1 |a Dandár, Alexander,  |d 1937-2011  |4 aut  |9 631 
700 1 |a Mórová, Eva  |4 aut  |9 1182 
700 1 |a Dodok, Ladislav,  |d 1935-  |4 aut  |9 1075 
700 1 |a Zajac, Peter,  |d 1946-  |4 aut 
700 1 |a Halašová, Gabriela  |4 aut 
910 |a SCHK95 
954 |a sacharidy  |x chémia  |x technológia  |x učebnice VŠ 
958 |a NB 
958 |a RM 
958 |a UV 
958 |a OND 
999 |c 6676  |d 6676 
942 0 0 |0 19